The guide to Malaysia (Record no. 67924)

MARC details
000 -LEADER
fixed length control field 00687nam a2200229 i 4500
001 - CONTROL NUMBER
control field C2-0255568
003 - CONTROL NUMBER IDENTIFIER
control field PPAK
005 - DATE AND TIME OF LATEST TRANSACTION
control field 20180727223219.0
008 - FIXED-LENGTH DATA ELEMENTS--GENERAL INFORMATION
fixed length control field 040610s2003 xx a|||| ||||| | eng d
020 ## - INTERNATIONAL STANDARD BOOK NUMBER
International Standard Book Number 983224109X
040 ## - CATALOGING SOURCE
Original cataloging agency PPAK
Language of cataloging eng
Transcribing agency PPAK
Description conventions rda
082 04 - DEWEY DECIMAL CLASSIFICATION NUMBER
Classification number 915.9504
Edition number 23
090 00 - LOCALLY ASSIGNED LC-TYPE CALL NUMBER (OCLC); LOCAL CALL NUMBER (RLIN)
Classification number (OCLC) (R) ; Classification number, CALL (RLIN) (NR) 915.9504
Feature heading GUI
Feature heading R
245 04 - TITLE STATEMENT
Title The guide to Malaysia
Remainder of title where to go how to get there what to expect
264 #1 - PRODUCTION, PUBLICATION, DISTRIBUTION, MANUFACTURE, AND COPYRIGHT NOTICE
Name of producer, publisher, distributor, manufacturer Leisure Gude Publishing ,
Date of production, publication, distribution, manufacture, or copyright notice 2003
300 ## - PHYSICAL DESCRIPTION
Extent 416 pages :
Other physical details colour illustrations ;
Dimensions 21 cm
336 ## - CONTENT TYPE
Source rdacontent
Content type term text
337 ## - MEDIA TYPE
Source rdamedia
Media type term unmediated
338 ## - CARRIER TYPE
Source rdacarrier
Carrier type term volume
650 10 - SUBJECT ADDED ENTRY--TOPICAL TERM
Topical term or geographic name entry element Malaysia - Description and travel - Guidebooks
942 ## - ADDED ENTRY ELEMENTS (KOHA)
-- dc
Koha item type Book
Holdings
Withdrawn Not for loan Current library Shelving location Date acquired Full call number Barcode Date last seen Koha item type
  Not For Loan Perpustakaan Alor Setar Rujukan Dewasa 20/06/2004 R 915.9504 GUI A01065133 08/05/2018 Book
  Not For Loan Perpustakaan Alor Setar Rujukan Dewasa 29/06/2005 R 915.9504 GUI A01087207 08/05/2018 Book
  Not For Loan Perpustakaan Awam Sungai Petani Rujukan Dewasa 20/06/2004 R 915.9504 GUI A01065134 08/05/2018 Book
  Not For Loan Perpustakaan Baling Rujukan Dewasa 20/06/2004 R 915.9504 GUI A01065136 08/05/2018 Book
  Not For Loan Perpustakaan Kulim Rujukan Dewasa 20/06/2004 R 915.9504 GUI A01065135 08/05/2018 Book